000 00672nam a22002417a 4500
003 UA-OsUOA
001 92961
007 ta
008 20130104b un ||||| |||| 00| 0 ukr d
100 _aБеккельман Ю.
090 _a821.182.2
_bБ42
942 _cBK
040 _aUA-OsUOA
_bukr
_cUA-OsUOA
_dUA-OsUOA
245 _aЗолотий смерч
_bроман
300 _a182 с.
955 _a3
041 _aukr
080 _a821.182.2
260 _aК.
_bМолодь
_c1968
246 3 1 _aЗаписки юнака з порядної сім'ї
_n
650 7 _a82 Література. Літературознавство
_2UDC
999 _c378887
_d378887